<?xml version="1.0" encoding="UTF-8"?>
<collection xmlns="http://www.loc.gov/MARC21/slim">
 <record>
  <leader>     na                 </leader>
  <controlfield tag="001">INLIS000000000014932</controlfield>
  <controlfield tag="005">20251105025630</controlfield>
  <datafield tag="035" ind1=" " ind2=" ">
   <subfield code="a">0010-1125000005</subfield>
  </datafield>
  <datafield tag="245" ind1="1" ind2=" ">
   <subfield code="a">Un-build to idea book :</subfield>
   <subfield code="b">kumpulan desain rumah berbagai tipe /</subfield>
   <subfield code="c">Yohanes Christianto Johan</subfield>
  </datafield>
  <datafield tag="100" ind1="0" ind2=" ">
   <subfield code="a">Yohanes Christianto Johan</subfield>
  </datafield>
  <datafield tag="300" ind1=" " ind2=" ">
   <subfield code="a">vi, 74 hlm.; 28 cm. :</subfield>
   <subfield code="b">Ilustrasi berwarna</subfield>
  </datafield>
  <datafield tag="700" ind1="0" ind2=" ">
   <subfield code="a">Maria Agustina (editor)</subfield>
  </datafield>
  <datafield tag="260" ind1=" " ind2=" ">
   <subfield code="a">Yogyakarta :</subfield>
   <subfield code="b">Andi,</subfield>
   <subfield code="c">2012</subfield>
  </datafield>
  <datafield tag="082" ind1=" " ind2=" ">
   <subfield code="a">728.3</subfield>
  </datafield>
  <datafield tag="084" ind1=" " ind2=" ">
   <subfield code="a">728.3 YOH u</subfield>
  </datafield>
  <datafield tag="020" ind1=" " ind2=" ">
   <subfield code="a">978-979-29-2652-1</subfield>
  </datafield>
  <datafield tag="650" ind1=" " ind2=" ">
   <subfield code="a">Rumah tinggal - Desain dan perencanaan</subfield>
  </datafield>
  <datafield tag="520" ind1=" " ind2=" ">
   <subfield code="a">Dalam perancangan proyek bangunan, Arsitek harus selalu berdiskusi dengan Owner untuk menyatukan ide, sehingga gagasan-gagasan bisa diwujudkan dalam gambar rancangan. Karena proyek yang berjalan cukup lama, sering kali menyebabkan banyak gagasan baru timbul. Hal ini tentu saja berakibat pada berubahnya gambar rancangan yang disesuaikan dengan keinginan pemilik. &#13;
&#13;
Un-Build to Idea Book,berarti desain yang tidak terbangun untuk bisa menjadi ide.&#13;
Banyak desain awal yang saying bila dibuang, karena sudah melewati tahap perancangan yang matang. Desain yang sudahdibuat tentu bisa menjadi ide bagi Anda yang akan atau sedang merencanakan membangun rumah atau bangunan lain. &#13;
&#13;
Denah dan tampak bangunan dalam buku ini, didesain secara kreatif untuk memenuhi kebutuhan dasar pengguna, tetapi mudah disesuaikan kembali dengan keinginan dan kebutuhan Anda. Tak hanya bangunan rumah tinggal, tetapi juga rumah kost dan bangunan usaha, bagi Anda yang memang pelaku usaha dan ingin mengembangkan bangunan lama.</subfield>
  </datafield>
  <controlfield tag="008">251105                d          0 ind  </controlfield>
  <datafield tag="990" ind1=" " ind2=" ">
   <subfield code="a">025.4448/PC/25</subfield>
  </datafield>
  <datafield tag="990" ind1=" " ind2=" ">
   <subfield code="a">025.4449/PC/25</subfield>
  </datafield>
  <datafield tag="990" ind1=" " ind2=" ">
   <subfield code="a">025.4450/PC/25</subfield>
  </datafield>
 </record>
</collection>
